<?xml version="1.0" encoding="UTF-8"?><?xml-stylesheet type="text/xsl" href="static/style.xsl"?><OAI-PMH xmlns="http://www.openarchives.org/OAI/2.0/" xmlns:xsi="http://www.w3.org/2001/XMLSchema-instance" xsi:schemaLocation="http://www.openarchives.org/OAI/2.0/ http://www.openarchives.org/OAI/2.0/OAI-PMH.xsd"><responseDate>2026-04-13T04:14:59Z</responseDate><request verb="GetRecord" identifier="oai:www.recercat.cat:10256/27024" metadataPrefix="marc">https://recercat.cat/oai/request</request><GetRecord><record><header><identifier>oai:recercat.cat:10256/27024</identifier><datestamp>2025-07-09T12:06:14Z</datestamp><setSpec>com_2072_452955</setSpec><setSpec>com_2072_2054</setSpec><setSpec>col_2072_453067</setSpec></header><metadata><record xmlns="http://www.loc.gov/MARC21/slim" xmlns:dcterms="http://purl.org/dc/terms/" xmlns:xsi="http://www.w3.org/2001/XMLSchema-instance" xmlns:doc="http://www.lyncode.com/xoai" xsi:schemaLocation="http://www.loc.gov/MARC21/slim http://www.loc.gov/standards/marcxml/schema/MARC21slim.xsd">
   <leader>00925njm 22002777a 4500</leader>
   <datafield ind2=" " ind1=" " tag="042">
      <subfield code="a">dc</subfield>
   </datafield>
   <datafield ind2=" " ind1=" " tag="720">
      <subfield code="a">Boto Varela, Gerardo</subfield>
      <subfield code="e">author</subfield>
   </datafield>
   <datafield ind2=" " ind1=" " tag="260">
      <subfield code="c">2024-12-30</subfield>
   </datafield>
   <datafield ind2=" " ind1=" " tag="520">
      <subfield code="a">A fragmentary relief in white marble, preserved in a private collection, represents with great subtlety the episodes of the d ispute of Saint Catherine, her condemnation and martyrdom, bordered by an unmistakable pattern of heraldry. Probably created in the third quarter of the thirteenth century in Castile, it proves the early creation of commemorative an d d evotional screens, linked to altars and, sometimes, to adjoining tombs. In addition, this relief expressed Alfonso X's filial affection</subfield>
   </datafield>
   <datafield ind2=" " ind1=" " tag="520">
      <subfield code="a">Un relieve fragmentario en mármol blanco, conservado en una colección privada, representa con extrema sutileza los episodios del debate de santa Catalina, su condena y martirio, bordeados por una heráldica inconfundible. Elaborado muy probablemente en el tercer cuarto del siglo XIII en Castilla, acredita la temprana creación de pantallas visuales, conmemorativas y devocionales, vinculadas a los altares y, a veces, a tumbas inmediatas. Además, esta pieza expresó el afecto filial de Alfonso X</subfield>
   </datafield>
   <datafield ind1="8" ind2=" " tag="024">
      <subfield code="a">http://hdl.handle.net/10256/27024</subfield>
   </datafield>
   <datafield tag="653" ind2=" " ind1=" ">
      <subfield code="a">Sarcòfags</subfield>
   </datafield>
   <datafield tag="653" ind2=" " ind1=" ">
      <subfield code="a">Sarcophagi</subfield>
   </datafield>
   <datafield tag="653" ind2=" " ind1=" ">
      <subfield code="a">Beatriz, Reina de Suabia</subfield>
   </datafield>
   <datafield ind2="0" ind1="0" tag="245">
      <subfield code="a">El primer retablo hispano de santa Catalina y la presencia sepulcral de Beatriz de Suabia en Las Huelgas</subfield>
   </datafield>
</record></metadata></record></GetRecord></OAI-PMH>